00465 a2200109 4500001000900000005001700009008004100026245018300067100001800250773007000268999001700338ART_677920260410161719.0260409a 10aAportes para mejorar la utilidad de la información que suministran los estados contables. Medios para lograrlo. Un sustancial cambio de paradigma que orienta a la contabilidad.1 aBiondi, Mario0 tContabilidad y auditoríag- Año 1, Nº 1 (dic. 1995)wREV1723 c16800d16800